|
|
|
|
| LEADER |
00000nab#a22000007a#4500 |
| 001 |
arbauad027437 |
| 003 |
AR-BaUAD |
| 005 |
20250711112240.0 |
| 008 |
970620|||||||||###||||||b###|0###a|spa|| |
| 040 |
|
|
|a AR-BaUAD
|c AR-BaUAD
|b spa
|
| 100 |
|
|
|a Groenevelt, S. D.
|
| 245 |
|
|
|a Transforming her image /
|c S. D. Groenevelt;
|
| 300 |
0 |
|
|b fot.
|
| 500 |
|
|
|a Artículo sobre la artista Margaret Cusack y sus ilustraciones collage con telas.
|
| 653 |
|
|
|a DISEÑO GRAFICO
|
| 653 |
|
|
|a CUSACK, MARGARET
|
| 653 |
|
|
|a ILUSTRACIONES
|
| 653 |
|
|
|a ILUSTRADORES
|
| 653 |
|
|
|a TELAS
|
| 653 |
|
|
|a COLLAGES
|
| 653 |
|
|
|a PROCESO CREATIVO
|
| 653 |
|
|
|a TAPAS DE REVISTAS
|
| 773 |
0 |
|
|t STEP BY STEP
|g vol.13, no. 3 [mayo-jun. 1997], p. 86-95
|
| 942 |
|
|
|c ARTI
|
| 952 |
|
|
|0 0
|1 0
|4 0
|7 0
|9 72356
|a AR-BAuAD
|b AR-BAuAD
|d 2025-07-11
|l 0
|p AAQA027437
|r 2025-07-11 11:22:40
|w 2025-07-11
|y ARTI
|
| 990 |
|
|
|a DG199
|b TD
|
| 998 |
|
|
|a AAQ
|b BIBUN76
|
| 999 |
|
|
|c 52029
|d 52029
|